000 00381nam a2200133Ia 4500
008 100328s9999 xx 000 0 und d
082 _b19781
100 _aबनहट्टी राजेंद्र
245 _aशुंभराव
260 _bइनामदार बंाु
630 _aशुंभराव
730 _aशुंभराव
942 _cBOOK
999 _c514041
_d514038